Adquisición automática de datos en ensayos triaxiales
Guardat en:
| Autor principal: | |
|---|---|
| Format: | Llibre |
| Publicat: |
San José, Costa Rica
1993
|
| Matèries: | |
| Etiquetes: |
Afegir etiqueta
Sense etiquetes, Sigues el primer a etiquetar aquest registre!
|
MARC
| LEADER | 00000nam a2200000Ia 4500 | ||
|---|---|---|---|
| 003 | 006073 | ||
| 005 | 20221231144316.0 | ||
| 008 | 140114s1993 cr a m 000 ||s d | ||
| 040 | |c cru CEDI | ||
| 090 | |a TFG 2750 | ||
| 100 | |a Benavides Murillo, Rodolfo |9 12095 | ||
| 245 | |a Adquisición automática de datos en ensayos triaxiales | ||
| 260 | |c 1993 |a San José, Costa Rica | ||
| 300 | |a [135] hojas : ilustraciones. | ||
| 500 | |a Tesis (licenciatura en ingenieria civil)--Universidad de Costa Rica. Facultad de Ingeniería. Escuela de Ingenieria Civil | ||
| 650 | |x ENSAYOS TRIAXIALES - PROGRAMAS PARA COMPUTADORA |x DISPOSITIVOS ELECTROMECANICOS - PROGRAMAS PARA COMPUTADORA |9 12096 | ||
| 942 | |c TFG |2 ddc | ||
| 999 | |c 19941 |d 19941 | ||
